<?xml version="1.0" encoding="UTF-8"?>
<record
    xmlns:xsi="http://www.w3.org/2001/XMLSchema-instance"
    xsi:schemaLocation="http://www.loc.gov/MARC21/slim http://www.loc.gov/standards/marcxml/schema/MARC21slim.xsd"
    xmlns="http://www.loc.gov/MARC21/slim">

  <leader>02377cam a22003495a 4500</leader>
  <controlfield tag="001">17987152</controlfield>
  <controlfield tag="005">20161030110232.0</controlfield>
  <controlfield tag="008">140103s2014    ne       b    001 0 eng  </controlfield>
  <datafield tag="010" ind1=" " ind2=" ">
    <subfield code="a">  2014000085</subfield>
  </datafield>
  <datafield tag="020" ind1=" " ind2=" ">
    <subfield code="a">9780123969835 (hardback)</subfield>
  </datafield>
  <datafield tag="020" ind1=" " ind2=" ">
    <subfield code="a">0123969832 (hardback)</subfield>
  </datafield>
  <datafield tag="040" ind1=" " ind2=" ">
    <subfield code="a">DLC</subfield>
    <subfield code="b">eng</subfield>
    <subfield code="c">DLC</subfield>
    <subfield code="d">DLC</subfield>
    <subfield code="d">EG-ScBUE</subfield>
  </datafield>
  <datafield tag="042" ind1=" " ind2=" ">
    <subfield code="a">pcc</subfield>
  </datafield>
  <datafield tag="082" ind1="0" ind2="4">
    <subfield code="2">22</subfield>
    <subfield code="a">610.28</subfield>
    <subfield code="b">KUM</subfield>
  </datafield>
  <datafield tag="245" ind1="0" ind2="0">
    <subfield code="a">Natural and synthetic biomedical polymers /</subfield>
    <subfield code="c">edited by Sangamesh G. Kumbar, Cato T. Laurencin, Meng Deng.</subfield>
  </datafield>
  <datafield tag="250" ind1=" " ind2=" ">
    <subfield code="a">1st ed.</subfield>
  </datafield>
  <datafield tag="260" ind1=" " ind2=" ">
    <subfield code="a">Burlington, Massachusetts :</subfield>
    <subfield code="b">Elsevier,</subfield>
    <subfield code="c">2014.</subfield>
  </datafield>
  <datafield tag="300" ind1=" " ind2=" ">
    <subfield code="a">xvii, 402 p. :</subfield>
    <subfield code="c">29 cm.</subfield>
    <subfield code="b">ill. ;</subfield>
  </datafield>
  <datafield tag="500" ind1=" " ind2=" ">
    <subfield code="a">Index : p. 397-402.</subfield>
  </datafield>
  <datafield tag="504" ind1=" " ind2=" ">
    <subfield code="a">Includes bibliographical references.</subfield>
  </datafield>
  <datafield tag="520" ind1=" " ind2=" ">
    <subfield code="a">"Polymer scientists have made an extensive research for the development of biodegradable polymers which could find enormous applications in the area of medical science. Today, various biopolymers have been prepared and utilized in different biomedical applications. Despite the apparent proliferation of biopolymers in medical science, the Science and Technology of biopolymers is still in its early stages of development. Tremendous opportunities exist and will continue to exist for the penetration of biopolymers in every facet of medical science through intensive Research and Development. Therefore, this chapter addresses different polymerization methods and techniques employed for the preparation of biopolymers. An emphasis is given to cover the general properties of biopolymers, synthetic protocols and their biomedical applications. In order to make the useful biomedical devices from the polymers to meet the demands of medical science, various processing techniques employed for the development of devices have been discussed. Further, perspectives in this field have been highlighted and at the end arrived at the conclusions. The relevant literature was collected from different sources including Google sites, books and reviews"--</subfield>
  </datafield>
  <datafield tag="590" ind1=" " ind2=" ">
    <subfield code="a">Wessam</subfield>
  </datafield>
  <datafield tag="650" ind1=" " ind2="7">
    <subfield code="a">Biopolymers.</subfield>
    <subfield code="2">BUEsh</subfield>
    <subfield code="9">40064</subfield>
  </datafield>
  <datafield tag="650" ind1=" " ind2="7">
    <subfield code="a">Biodegradable plastics.</subfield>
    <subfield code="2">BUEsh</subfield>
    <subfield code="9">40063</subfield>
  </datafield>
  <datafield tag="651" ind1=" " ind2=" ">
    <subfield code="2">BUEsh</subfield>
  </datafield>
  <datafield tag="653" ind1=" " ind2=" ">
    <subfield code="b">ENGCHE</subfield>
    <subfield code="c">October2016</subfield>
  </datafield>
  <datafield tag="653" ind1=" " ind2=" ">
    <subfield code="b">ENGGEN</subfield>
    <subfield code="c">October2016</subfield>
  </datafield>
  <datafield tag="700" ind1="1" ind2=" ">
    <subfield code="a">Kumbar, Sangamesh&#x200F;.</subfield>
    <subfield code="e">editor.</subfield>
    <subfield code="9">41641</subfield>
  </datafield>
  <datafield tag="700" ind1="1" ind2=" ">
    <subfield code="a">Laurencin, Cato T.&#x200F; </subfield>
    <subfield code="e">editor.</subfield>
    <subfield code="9">41642</subfield>
  </datafield>
  <datafield tag="700" ind1="1" ind2=" ">
    <subfield code="a">Deng, Meng&#x200F;.</subfield>
    <subfield code="e">editor.</subfield>
    <subfield code="9">41643</subfield>
  </datafield>
  <datafield tag="942" ind1=" " ind2=" ">
    <subfield code="2">ddc</subfield>
    <subfield code="e">22</subfield>
    <subfield code="k">610.28 NAT</subfield>
  </datafield>
  <datafield tag="999" ind1=" " ind2=" ">
    <subfield code="c">22898</subfield>
    <subfield code="d">22870</subfield>
  </datafield>
  <datafield tag="952" ind1=" " ind2=" ">
    <subfield code="0">0</subfield>
    <subfield code="1">0</subfield>
    <subfield code="2">ddc</subfield>
    <subfield code="4">0</subfield>
    <subfield code="7">0</subfield>
    <subfield code="8">Baccah</subfield>
    <subfield code="a">MAIN</subfield>
    <subfield code="b">MAIN</subfield>
    <subfield code="c">1ST</subfield>
    <subfield code="d">2016-10-30</subfield>
    <subfield code="e">Purchase</subfield>
    <subfield code="g">1040.00</subfield>
    <subfield code="h">3652</subfield>
    <subfield code="l">0</subfield>
    <subfield code="o">610.28 KUM</subfield>
    <subfield code="p">000034235</subfield>
    <subfield code="r">2025-07-15 00:00:00</subfield>
    <subfield code="v">1300.00</subfield>
    <subfield code="y">BB</subfield>
  </datafield>
</record>
